| 000 | 00825nam a22002537a 4500 | ||
|---|---|---|---|
| 001 | 1421 | ||
| 003 | CO-MdFUSB | ||
| 005 | 20180622072711.0 | ||
| 008 | 170302t1994 SP ||||| |||| 00| 0 SPA d | ||
| 020 | _a84-87699-99-5 | ||
| 040 |
_aCO-MdFUSB _bspa _cCO-MdFUSB _dCO-MdFUSBC _erda |
||
| 041 | 0 | _aspa | |
| 082 | 0 | 4 | _aG 200.1 F812f |
| 245 | 1 | 0 |
_aFilosofía de la religión. _b: Estudios y textos _c / Manuel Fraijó, Editor |
| 264 |
_aAltamirano, Madrid, España : _bTrotta, _c1994 |
||
| 300 |
_a774 Pag. _b _c |
||
| 336 |
_2rdacontent _atexto _btxt |
||
| 337 |
_2rdamedia _asin mediación _bn |
||
| 338 |
_2rdacarrier _avolumen _bnc |
||
| 505 | 0 | 0 | _aIntroducción -- ciencias de la religión -- filósofos de la religión -- epilogo |
| 653 | _aFilosofía de la religión | ||
| 720 | _aFraijó, Manuel. Editor | ||
| 942 | _cBK | ||
| 999 |
_c32744 _d32744 |
||